000 00668nam a2200205 i 4500
001 92541
003 ES-MaACL
005 20230906181009.0
007 t|
008 050310s1953 sp ||||1| spa d
100 1 _aLipchitz, Jacques.
_972492
245 1 0 _aAmadeo Modigliani (1884-1920) /
_ctexto de Jacques Lipchitz; versión castellana de R. Santos Torroella.
260 _aBarcelona :
_bArgos,
_c[1953]
300 _a9 h. :
_b64 lám. ;
_c17 cm.
490 1 _aEl libro de arte de bolsillo
700 1 _aSantos Torroella, Rafael.
_9103536
830 0 _aEl libro de arte de bolsillo
_9183601
852 _aES-MaACL
_jC-11679
_bR.38697
999 _c92541
_d92541